1138 1001 1202 1403 1040 1183 1106 1916 1391 1665 1253 1199 1518 1302 1951 1618 1752 1910 1659 1920 1969 1773 1418 1100 1773 1246 1430 1428 1372 1133 1050 1411 1370 1755 1633 1729 1777 1676 1189 1002 1542 1988 1694 1921 1145 1388 1805 1998 1118 1203 1426 1353 1433 1397 1806 1584 1649 1319 1986 1408 1293 1327 1595 1272 1077 1465 1408 1706 1847 1463 1504 2000 1617 1496 1559 1734 1701 1951 1387 1008 1699 1968 1292 1948 1777 1791 1456 1434 1109 1675 1834 1521 1471 1830 1695 1322 1312 1500 1963 BCNSPRNW ULIB Ver.6.0+V

เปลี่ยนเป็นภาษาไทย

Change to English
 แสดงรายละเอียดบรรณานุกรม
  กลับหน้าหลัก

Brief Record : Get Marc (ISO 2709) : E-mail record : QR code < ปิดหน้าต่าง
LEADER : 00000nam 2200000uu 4500
001    13399111992
003     ULIB
008    110714s||||||||th 000 0 tha d
020    9786167123615
090    นว.^bว358ล
100 0   วสันต์ จันทรา
245 00 เล่ห์รักรอยเหมันต์/^cวสันต์ จันทรา
250     พิมพ์ครั้งที่ 1
260     กรุงเทพฯ :^bกรีนมายด์,^cม.ป.ป.
300     336 หน้า
945    ^p249^l0^i028035
995    เกษร
999     ^aใช้งานได้ทุกระบบ
รายการนี้ยังไม่มีแท็ก
คุณยังไม่ได้ล็อกอิน คุณสามารถมีกิจกรรมร่วมกับเว็บไซต์ได้ แต่ต้องล็อกอินก่อน ::
  ล็อกอิน

รายการสื่อสารสนเทศ

ลำดับที่ ประเภท เลขเรียก/บาร์โค้ด สถานที่ สถานะ
1. นวนิยาย
นวนิยาย
นว. ว358ล  
  Barcode: 028035
ห้องสมุดวิทยาเขตสวรรค์ประชารักษ์
►นวนิยาย
บนชั้น
  ขอยืม

BibComment


ยังไม่เคยถูกคอมเมนท์

คอมเมนท์ทรัพยากรรายการนี้
  คอมเมนท์: เล่ห์รักรอยเหมันต..


 Copyright 2026. Bcnsprnw @Library